Školák v náhradnej rodine

Bibliographic Details
Main Authors: Majková, R. (Author, Interviewer), Sládeková, Elena (Author)
Format: Article
Language:Slovak
PhysicalDescription:Fotogr.
ISSN:1336-7161
Subjects:

MARC

LEADER 00000nab a2200000 ar4500
001 vtls008934442
003 SK-MaSNL
005 20260303070609.0
008 070111c2006 xo mr|p||| |000 b|slo
015 |a SNBRB2007/01 
038 |a SPK 
040 |a SPKCL  |b slo  |c AACR2  |e AACR2 
041 0 |a slo 
044 |a xo  |c SK 
072 7 |a 376  |x Výchova a vzdelávanie zvláštnych skupín osôb  |2 konspekt 
080 |a 376.64  |2 1997 
100 1 |a Majková, R.  |4 ivr  |4 aut  |9 1034182 
245 1 0 |a Školák v náhradnej rodine  |c R. Majková, Elena Sládeková 
300 |b Fotogr. 
650 0 7 |a náhradná rodinná starostlivosť  |2 snkbucl  |9 1001 
650 0 7 |a náhradná rodina  |2 snkbucl  |9 71577 
650 0 7 |a učitelia  |2 snkbucl  |9 3995 
650 0 7 |a spolupráca vo výchove  |2 snkbucl  |9 1043748 
655 7 |a príručky  |2 snkbucl  |9 74364 
655 7 |a rozhovory  |2 snkbucl  |9 31831 
700 1 |a Sládeková, Elena  |4 ive  |4 aut  |9 564242 
773 0 |t Pán učiteľ  |g Roč. 2, č. 2 (2006), s. 12  |x 1336-7161 
852 |a SPK  |b KIS3GCP 
999 |c 1756064  |d 1757994